[Event "M.Chigorin Memorial 2014"]
[Site "St. Petersburg"]
[Date "2014.10.20"]
[Round "3.119"]
[White "Filyanin, Daniil"]
[Black "Abdusattorova, Bakhora"]
[Result "0-1"]
[WhiteElo "1947"]
[BlackElo "2202"]
[PlyCount "90"]
[EventDate "2014.10.18"]
[EventType "swiss"]
[EventCountry "RUS"]

1. e4 e5 2. Nf3 Nc6 3. Bb5 Bc5 4. O-O d6 5. c3 Bd7 6. d4 Bb6 7. Na3 Nge7 8. Nc2
O-O 9. a4 a6 10. Bc4 Bg4 11. Be3 exd4 12. Bxd4 Bxd4 13. Ncxd4 Nxd4 14. cxd4 Ng6
15. h3 Bd7 16. Qd2 h6 17. Rfe1 Kh8 18. a5 Bc6 19. Ra3 Qf6 20. e5 dxe5 21. dxe5
Qf4 22. Qxf4 Nxf4 23. Kh2 Rad8 24. g3 Ne6 25. g4 Nf4 26. Kg3 g5 27. h4 Bxf3 28.
Rxf3 Rd4 29. hxg5 hxg5 30. Rc3 Kg7 31. Bf1 Rc8 32. Rc4 Rd7 33. Kf3 Rh8 34. Ke4
Rh2 35. Rc2 Ne6 36. Bc4 Nd4 37. Rd2 c5 38. b4 Rg2 39. Be2 Rxf2 40. bxc5 Rf4+
41. Ke3 Rd5 42. Rd3 Nc2+ 43. Kd2 Rxd3+ 44. Bxd3 Nxe1 45. Kxe1 Rd4 0-1

[Event "M.Chigorin Memorial 2014"]
[Site "St. Petersburg"]
[Date "2014.10.20"]
[Round "3.120"]
[White "Azimov, Ilyas"]
[Black "Baraeva, Irina"]
[Result "0-1"]
[WhiteElo "1938"]
[BlackElo "2197"]
[PlyCount "172"]
[EventDate "2014.10.18"]
[EventType "swiss"]
[EventCountry "RUS"]

1. e4 d5 2. exd5 Qxd5 3. Nc3 Qd6 4. d4 Nf6 5. Nf3 c6 6. Ne5 Nbd7 7. Nc4 Qc7 8.
Qf3 Nb6 9. Bf4 Qd8 10. Be5 Bg4 11. Qg3 Be6 12. Ne3 g6 13. Be2 Bg7 14. Rd1 O-O
15. h4 Nbd5 16. Nexd5 cxd5 17. h5 Qb6 18. hxg6 hxg6 19. Bd3 Qxb2 20. Ne2 Rfc8
21. Nf4 Qc3+ 22. Kf1 Qc6 23. Re1 Bd7 24. Qh4 Kf8 25. g4 Bxg4 26. Bxf6 Qxf6 27.
Qxg4 Qxd4 28. Qf3 Qf6 29. Qg4 Qd4 30. Qg3 e5 31. Ne2 Qb6 32. c3 Rc6 33. Rb1 Qc7
34. Kg2 Rc8 35. Rb5 Qd7 36. Rhb1 b6 37. R5b3 Qe7 38. Rb5 d4 39. Be4 Re6 40. Bd5
Rd6 41. cxd4 a6 42. Rxb6 Rxd5 43. Rb7 Rd7 44. Rxd7 Qxd7 45. dxe5 Qd5+ 46. Qf3
Qxe5 47. Rb7 Qe6 48. Nf4 Qf6 49. Nd5 Qxf3+ 50. Kxf3 Bc3 51. Ra7 a5 52. Ke2 Re8+
53. Kd3 Be1 54. f3 Kg7 55. Ra6 Rd8 56. Kc4 Rb8 57. a3 Rb2 58. Nf4 Rc2+ 59. Kb5
Ra2 60. Nd3 Bd2 61. Ka4 Ra1 62. Kb3 Rh1 63. Kc2 Rh2 64. Kb3 Rh5 65. Kc2 Be3 66.
Ne1 Rc5+ 67. Kd3 Bc1 68. a4 Bb2 69. Ra8 Rc3+ 70. Ke2 Rc6 71. Kd3 Rc3+ 72. Ke2
Ra3 73. Nd3 Bc3 74. Nc5 Bb4 75. Nd3 Ra2+ 76. Kf1 Rxa4 77. Nxb4 Rxb4 78. Rxa5
Rb2 79. Rc5 Kh6 80. Rc4 Kh5 81. Rf4 Rc2 82. Ke1 Kg5 83. Ra4 Kh5 84. Rf4 Rh2 85.
Ra4 g5 86. Kf1 Rb2 0-1

[Event "M.Chigorin Memorial 2014"]
[Site "St. Petersburg"]
[Date "2014.10.20"]
[Round "3.121"]
[White "Sukhareva, Evgeniya"]
[Black "Nasibullin, Iskander"]
[Result "1-0"]
[WhiteElo "2196"]
[BlackElo "1907"]
[PlyCount "69"]
[EventDate "2014.10.18"]
[EventType "swiss"]
[EventCountry "RUS"]

1. d4 d5 2. Nf3 c5 3. dxc5 Nc6 4. a3 e5 5. b4 Nf6 6. Bb2 e4 7. Nd4 e3 8. f3 Ne5
9. Ne6 Bxe6 10. Bxe5 Nh5 11. g3 Qg5 12. f4 Qg4 13. Qd3 a5 14. Qxe3 axb4 15.
axb4 Rxa1 16. Bxa1 Be7 17. Bg2 O-O 18. O-O Rd8 19. Bd4 Kf8 20. Nc3 Qg6 21. Qd2
Nf6 22. e3 h5 23. Qf2 Qf5 24. h3 Ne4 25. Nxe4 dxe4 26. Qe2 Qg6 27. Kh2 f5 28.
h4 Ra8 29. Bxe4 Qf7 30. Bxb7 Bc4 31. Qf3 Ra3 32. Ra1 Ba2 33. Qg2 Bd8 34. c4
Qxc4 35. Bd5 1-0

[Event "M.Chigorin Memorial 2014"]
[Site "St. Petersburg"]
[Date "2014.10.20"]
[Round "3.122"]
[White "Ngnegevo, Filipp"]
[Black "Mamatov, Melis"]
[Result "1/2-1/2"]
[WhiteElo "1936"]
[BlackElo "2191"]
[PlyCount "85"]
[EventDate "2014.10.18"]
[EventType "swiss"]
[EventCountry "RUS"]

1. e4 c5 2. Nf3 e6 3. d4 cxd4 4. Nxd4 a6 5. c4 Qc7 6. Nc3 b6 7. Be3 Bb7 8. Be2
Nf6 9. f3 d6 10. Rc1 Nbd7 11. O-O Be7 12. Qd2 O-O 13. Rfd1 Rfe8 14. a3 Rac8 15.
b4 Qb8 16. Nb3 Bd8 17. Bf4 Ne5 18. Na4 d5 19. exd5 exd5 20. c5 Bc7 21. Bg3 b5
22. Nb6 Rcd8 23. Nd4 Bxb6 24. cxb6 Ba8 25. Qg5 h6 26. Qf5 Nfd7 27. Nc6 Bxc6 28.
Rxc6 Qb7 29. Rd6 g6 30. Qb1 Nf8 31. R1xd5 Nc6 32. Rxd8 Rxd8 33. Rxd8 Qxb6+ 34.
Kf1 Qxd8 35. Qc1 Qd5 36. Qxh6 Ne6 37. Qe3 Ned4 38. Qd3 Qa2 39. Be5 Nxe2 40.
Qxe2 Qxa3 41. Qd2 Kh7 42. Bb2 Qb3 43. Qc3 1/2-1/2

[Event "M.Chigorin Memorial 2014"]
[Site "St. Petersburg"]
[Date "2014.10.20"]
[Round "3.123"]
[White "Tarasov, Alexandr"]
[Black "Tskhadadze, Anna"]
[Result "1-0"]
[WhiteElo "2191"]
[BlackElo "1860"]
[PlyCount "151"]
[EventDate "2014.10.18"]
[EventType "swiss"]
[EventCountry "RUS"]

1. d4 d5 2. c4 e6 3. Nf3 Nf6 4. g3 Bb4+ 5. Bd2 Bxd2+ 6. Nbxd2 O-O 7. Bg2 Nbd7
8. O-O dxc4 9. Nxc4 c6 10. b4 Nd5 11. Qb3 Qe7 12. a3 b6 13. Nfe5 Bb7 14. Rac1
Rac8 15. Rc2 Rc7 16. Rfc1 Rfc8 17. Nd3 c5 18. Nd2 Ba6 19. dxc5 Bxd3 20. Qxd3
bxc5 21. Bxd5 exd5 22. Qxd5 Nb6 23. Qe4 Qf8 24. Nb3 Re7 25. Qh4 c4 26. Nc5 Rce8
27. e3 Re5 28. a4 Rxc5 29. bxc5 Qxc5 30. Qd4 Qa5 31. Qc3 Qxa4 32. Ra1 Qd7 33.
Rca2 Ra8 34. Qd4 Qxd4 35. exd4 Rd8 36. Rxa7 g6 37. Rb7 Nd5 38. Rc1 c3 39. Kf1
Kg7 40. Ke2 Kf6 41. Kd3 Rc8 42. Rb5 Rd8 43. Re1 Kg7 44. Re5 Nc7 45. Rbc5 Ne6
46. Rc4 c2 47. Re1 Ng5 48. Rc1 Nf3 49. Ke3 Nxh2 50. f3 Ra8 51. Rc3 g5 52. g4 h5
53. Rh1 c1=Q+ 54. Rcxc1 Ra3+ 55. Ke4 Nxf3 56. gxh5 Nh4 57. d5 Ra4+ 58. Ke5 f6+
59. Ke6 Re4+ 60. Kd7 Rd4 61. d6 Nf5 62. Rc6 Rd5 63. Ra1 Nd4 64. Rd1 Nxc6 65.
Rxd5 Nb4 66. Rd2 g4 67. Kc7 Na6+ 68. Kb6 Nb8 69. Kb7 Nd7 70. Kc6 Ne5+ 71. Kd5
Kh6 72. Ke6 Kxh5 73. Kxf6 Nd7+ 74. Ke6 Nb8 75. Kf5 g3 76. d7 1-0

[Event "M.Chigorin Memorial 2014"]
[Site "St. Petersburg"]
[Date "2014.10.20"]
[Round "3.124"]
[White "Zhikharev, Valeriy"]
[Black "Shilnikov, Igor S"]
[Result "1-0"]
[WhiteElo "2188"]
[BlackElo "1839"]
[PlyCount "95"]
[EventDate "2014.10.18"]
[EventType "swiss"]
[EventCountry "RUS"]

1. d4 Nf6 2. c4 g6 3. Nc3 c5 4. d5 Bg7 5. e4 d6 6. Bd3 O-O 7. Nge2 e6 8. O-O e5
9. Ng3 a6 10. Rb1 Ng4 11. h3 Nh6 12. Be3 Qh4 13. Qd2 f6 14. Rfe1 Nf7 15. b4 b6
16. bxc5 bxc5 17. Rb6 Nd7 18. Rb3 Bh6 19. Nce2 Bxe3 20. Qxe3 Nh6 21. Rf1 Nf7
22. Kh1 Rd8 23. Ng1 Nf8 24. Nf3 Qf4 25. Ne2 Qh6 26. Qxh6 Nxh6 27. Rb6 f5 28.
exf5 gxf5 29. Nxe5 dxe5 30. Rxh6 e4 31. Bc2 Ng6 32. f3 e3 33. g4 Kg7 34. Rh5 f4
35. Bxg6 hxg6 36. Re5 Kf6 37. Re4 g5 38. Rb1 Rd6 39. h4 Bd7 40. hxg5+ Kxg5 41.
Nxf4 Rh6+ 42. Kg2 Rah8 43. Rb7 Rd6 44. Nh3+ Kf6 45. Rxe3 Bc8 46. Rbe7 Rb6 47.
R3e5 Rf8 48. Kg3 1-0

[Event "M.Chigorin Memorial 2014"]
[Site "St. Petersburg"]
[Date "2014.10.20"]
[Round "3.125"]
[White "Stasenko, Alexey"]
[Black "Savinov, Leonid"]
[Result "0-1"]
[WhiteElo "1874"]
[BlackElo "2184"]
[PlyCount "120"]
[EventDate "2014.10.18"]
[EventType "swiss"]
[EventCountry "RUS"]

1. e4 c5 2. Nf3 d6 3. d4 cxd4 4. Qxd4 Nc6 5. Bb5 Bd7 6. Bxc6 Bxc6 7. Nc3 Nf6 8.
Bg5 e6 9. O-O-O Be7 10. Rhe1 O-O 11. Bxf6 Bxf6 12. Qxd6 Bxc3 13. bxc3 Qa5 14.
a3 Qxc3 15. Rd3 Qa1+ 16. Kd2 Qf6 17. Qe5 Qxe5 18. Nxe5 Bb5 19. c4 Ba6 20. Rd6
Rfd8 21. Rxd8+ Rxd8+ 22. Kc3 Rc8 23. f3 f6 24. Ng4 Rxc4+ 25. Kb3 Rd4 26. Rc1 h5
27. Ne3 Rd3+ 28. Rc3 Kf7 29. Rxd3 Bxd3 30. Kc3 Be2 31. h4 Ke7 32. Kd4 Kd6 33.
Nc2 Bb5 34. Ne3 e5+ 35. Kc3 Bd7 36. Kb4 b6 37. g3 a5+ 38. Kc3 b5 39. Kb3 Be6+
40. Kc3 Kc5 41. Nc2 g5 42. Ne3 b4+ 43. axb4+ axb4+ 44. Kd3 gxh4 45. gxh4 Kb5
46. Kc2 Bc4 47. Kd2 Kc5 48. Nf5 b3 49. Kc3 Be2 50. Ng7 Bxf3 51. Ne8 Bxe4 52.
Nxf6 Bf3 53. Kxb3 Kd4 54. Kc2 Ke3 55. Nd7 e4 56. Nc5 Kf2 57. Kc1 e3 58. Nd3+
Kf1 59. Ne5 Bg4 60. Nd3 Bf5 0-1

[Event "M.Chigorin Memorial 2014"]
[Site "St. Petersburg"]
[Date "2014.10.20"]
[Round "3.126"]
[White "Denishev, Marat"]
[Black "Krasnikov, Mikhail"]
[Result "1-0"]
[WhiteElo "2183"]
[BlackElo "1828"]
[PlyCount "177"]
[EventDate "2014.10.18"]
[EventType "swiss"]
[EventCountry "RUS"]

1. d4 Nf6 2. Bg5 Ne4 3. Bf4 d5 4. f3 Nf6 5. Nc3 e6 6. e4 Bb4 7. e5 Nfd7 8. a3
Be7 9. Be3 a6 10. f4 c5 11. Nf3 Nc6 12. Qd2 cxd4 13. Nxd4 Nxd4 14. Bxd4 O-O 15.
Bd3 Bc5 16. Ne2 Bxd4 17. Nxd4 Nc5 18. c3 Nxd3+ 19. Qxd3 f6 20. O-O fxe5 21.
fxe5 Rxf1+ 22. Rxf1 Bd7 23. Qf3 Qe7 24. g3 Rf8 25. Qxf8+ Qxf8 26. Rxf8+ Kxf8
27. Kf2 Kf7 28. Ke3 g5 29. Nc2 Ba4 30. Nd4 Bd1 31. b3 Bg4 32. a4 h6 33. a5 Ke7
34. b4 Bd1 35. b5 Ba4 36. b6 Kd7 37. Kd2 Ke7 38. Kc1 Kd7 39. Kb2 Bd1 40. Ka3
Bg4 41. Kb4 Bh3 42. Kc5 Bg4 43. Nc2 Bf3 44. Ne3 Be2 45. h4 gxh4 46. gxh4 Bf3
47. Nc2 Be2 48. Nb4 Bf1 49. Kd4 Bb5 50. Ke3 Ke7 51. Nc2 Kf7 52. Nd4 Bd7 53. Nb3
Kg6 54. Nc5 Bc8 55. Kf4 h5 56. Nb3 Bd7 57. Nd4 Kh6 58. Nf3 Kg6 59. Nd4 Kh6 60.
Ne2 Kg6 61. Ng3 Be8 62. Ke3 Kg7 63. Kd4 Kf8 64. c4 dxc4 65. Kxc4 Bg6 66. Kd4
Ke7 67. Ne2 Kd7 68. Nf4 Bf7 69. Nh3 Bg6 70. Ng5 Ke7 71. Nf3 Kd7 72. Kc5 Ke7 73.
Nd2 Bd3 74. Kd4 Bg6 75. Nc4 Be8 76. Nd6 Bc6 77. Ke3 Kf8 78. Kf4 Kg7 79. Kg5 Bf3
80. Ne8+ Kf7 81. Nf6 Ke7 82. Nxh5 Kd7 83. Nf4 Kc6 84. Nxe6 Kd5 85. Kf6 Kc4 86.
Nd8 Kb5 87. e6 Kxa5 88. e7 Bh5 89. Nf7 1-0

[Event "M.Chigorin Memorial 2014"]
[Site "St. Petersburg"]
[Date "2014.10.20"]
[Round "3.127"]
[White "Fokin, Anatoly"]
[Black "Abdusattorov, Nodirbek"]
[Result "0-1"]
[WhiteElo "1765"]
[BlackElo "2179"]
[PlyCount "90"]
[EventDate "2014.10.18"]
[EventType "swiss"]
[EventCountry "RUS"]

1. d4 Nf6 2. c4 g6 3. Nc3 d5 4. e3 Bg7 5. Bd3 O-O 6. Nf3 dxc4 7. Bxc4 b6 8. O-O
Bb7 9. Re1 c5 10. d5 Ba6 11. Qe2 Bxc4 12. Qxc4 Nbd7 13. e4 Ng4 14. Qe2 e5 15.
h3 Ngf6 16. Bg5 Qe7 17. Qd2 a6 18. a4 c4 19. Qe2 Rfc8 20. Nd2 Qb4 21. Ra2 Ne8
22. Rea1 h6 23. Be3 Nd6 24. f3 Nb7 25. Bf2 Na5 26. Rb1 h5 27. Be3 Nc5 28. Ra3
Ncb3 29. Na2 Qe7 30. Bxb6 Bf8 31. Bxa5 Qa7+ 32. Kh2 Bxa3 33. Nxc4 Bc5 34. Bc3
Bd4 35. Nb4 Bxc3 36. bxc3 Rxc4 37. Rxb3 Qc5 38. Qd2 Rc8 39. Nc6 Rxa4 40. Qg5
Re8 41. Rb7 Ra1 42. h4 Qg1+ 43. Kg3 Ra2 44. Nxe5 Rxg2+ 45. Kf4 Qc1# 0-1

[Event "M.Chigorin Memorial 2014"]
[Site "St. Petersburg"]
[Date "2014.10.20"]
[Round "3.128"]
[White "Kobzar, Alexandr"]
[Black "Matchenya, Ivan"]
[Result "1-0"]
[WhiteElo "2176"]
[BlackElo "1659"]
[PlyCount "69"]
[EventDate "2014.10.18"]
[EventType "swiss"]
[EventCountry "RUS"]

1. d4 Nf6 2. c4 g6 3. e3 d5 4. cxd5 Nxd5 5. e4 Nb6 6. Nc3 Bg7 7. Nge2 O-O 8. a4
a5 9. b3 N8d7 10. Be3 e6 11. Rc1 Qe7 12. h4 h6 13. Qd2 Kh7 14. Nf4 c6 15. Bd3
e5 16. Nfe2 exd4 17. Bxd4 Bxd4 18. Nxd4 Ne5 19. h5 g5 20. Bb1 Rd8 21. Qe3 Qc5
22. Nd5 Nbc4 23. bxc4 cxd5 24. exd5+ Kg8 25. Qxe5 Bd7 26. Kf1 Re8 27. Qf6 Ra6
28. Ne6 Bxe6 29. Qxh6 Bxd5 30. Qxg5+ Kf8 31. cxd5 Qd4 32. Rh4 Qb2 33. Rg4 Re5
34. Rc8+ Re8 35. Qg8+ 1-0

[Event "M.Chigorin Memorial 2014"]
[Site "St. Petersburg"]
[Date "2014.10.20"]
[Round "3.129"]
[White "Vorobyova, Valeriya"]
[Black "Altshul, Raffael"]
[Result "0-1"]
[WhiteElo "1742"]
[BlackElo "2174"]
[PlyCount "138"]
[EventDate "2014.10.18"]
[EventType "swiss"]
[EventCountry "RUS"]

1. e4 c5 2. Nf3 Nc6 3. d4 cxd4 4. Nxd4 Qb6 5. Nb3 Nf6 6. Nc3 e6 7. Bd3 a6 8.
O-O Be7 9. Be3 Qc7 10. f4 d6 11. a4 b6 12. h3 Bb7 13. Qe2 Nb4 14. a5 b5 15. Nd4
O-O 16. Qe1 d5 17. e5 Ne4 18. Bc1 Bc5 19. Nce2 Nc6 20. c3 Nxa5 21. Kh2 Nc6 22.
Nb3 Ne7 23. Ng3 Nxg3 24. Qxg3 Bb6 25. Qg4 Nc6 26. Rf3 d4 27. Rg3 g6 28. h4 dxc3
29. h5 Ne7 30. hxg6 Nxg6 31. Bxg6 hxg6 32. Qg5 Rfd8 33. Rxc3 Qd7 34. Qf6 Qd5
35. Rf3 Rd7 36. Qg5 Bd8 37. Qh6 Be7 38. Na5 Bf8 39. Qh4 Rc8 40. Nxb7 Qxb7 41.
Rh3 Bg7 42. Be3 Rc2 43. Rg1 Qe4 44. Kh1 Kf8 45. Bb6 Rd3 46. Rxd3 Qxd3 47. Bd8
Kg8 48. Bf6 Qe2 49. Bxg7 Kxg7 50. Qf6+ Kg8 51. Kh2 Rxb2 52. Qd8+ Kh7 53. Qf8
Qh5+ 54. Kg3 g5 55. fxg5 Rb3+ 56. Kf2 Qh4+ 57. g3 Qd4+ 58. Kg2 Rxg3+ 59. Kxg3
Qxg1+ 60. Kh3 Qh1+ 61. Kg4 Qe4+ 62. Kg3 Qf5 63. Qh6+ Kg8 64. Qh4 Qxe5+ 65. Kg2
Qe2+ 66. Kh3 Qd3+ 67. Kg2 a5 68. Qf4 Qd5+ 69. Kg3 a4 0-1

[Event "M.Chigorin Memorial 2014"]
[Site "St. Petersburg"]
[Date "2014.10.20"]
[Round "3.130"]
[White "Lyubokhiner, Leonid M"]
[Black "Kostyuchenko, Vladimir"]
[Result "0-1"]
[WhiteElo "1709"]
[BlackElo "2169"]
[PlyCount "62"]
[EventDate "2014.10.18"]
[EventType "swiss"]
[EventCountry "RUS"]

1. e4 c5 2. Nf3 Nc6 3. d4 cxd4 4. Nxd4 Nf6 5. Nc3 d6 6. Be2 g6 7. h3 Bg7 8. O-O
O-O 9. Be3 Bd7 10. Rb1 a6 11. Qd2 b5 12. Bf3 Ne5 13. Be2 Rc8 14. f4 Nc4 15.
Bxc4 Rxc4 16. Qd3 Qc7 17. Nd5 Nxd5 18. exd5 Rc8 19. g4 Qb7 20. Qe4 e5 21. fxe5
dxe5 22. b3 Rxd4 23. Bxd4 exd4 24. Qf3 f5 25. Rbe1 Rc3 26. Qg2 Qc7 27. d6 Qxd6
28. Qa8+ Bf8 29. Re2 Bc6 30. Qxc6 Qxc6 31. Ref2 d3 0-1

[Event "M.Chigorin Memorial 2014"]
[Site "St. Petersburg"]
[Date "2014.10.20"]
[Round "3.132"]
[White "Tukubayev, K."]
[Black "Khalikov, Bulat"]
[Result "1-0"]
[WhiteElo "2160"]
[BlackElo "1637"]
[PlyCount "87"]
[EventDate "2014.10.18"]
[EventType "swiss"]
[EventCountry "RUS"]

1. Nf3 Nf6 2. d4 d5 3. c4 e6 4. Nc3 Be7 5. Bg5 O-O 6. e3 b6 7. cxd5 exd5 8. Bd3
Bb7 9. O-O Nbd7 10. h3 c5 11. Rc1 Ne4 12. Bf4 a6 13. Qe2 Nxc3 14. Rxc3 c4 15.
Bb1 Nf6 16. Ne5 b5 17. Rcc1 Ne4 18. f3 Nd6 19. Rcd1 f5 20. Kh1 b4 21. g4 Qe8
22. Rg1 Bc8 23. Qg2 g6 24. Qh2 Nb7 25. Rg2 c3 26. bxc3 bxc3 27. Rc1 Bb4 28.
Rcg1 fxg4 29. Nxg4 Bxg4 30. Rxg4 Rf6 31. e4 dxe4 32. fxe4 Rc8 33. Bc2 Na5 34.
h4 Bf8 35. h5 Bg7 36. hxg6 Rxg6 37. e5 Qc6+ 38. R1g2 Rxg4 39. Qxh7+ Kf7 40.
Qf5+ Bf6 41. Qxg4 Rh8+ 42. Kg1 Rc8 43. Qg6+ Kf8 44. exf6 1-0

[Event "M.Chigorin Memorial 2014"]
[Site "St. Petersburg"]
[Date "2014.10.20"]
[Round "3.133"]
[White "Vunder, Andrey"]
[Black "Terentev, Mikhail"]
[Result "1-0"]
[WhiteElo "2181"]
[BlackElo "1981"]
[PlyCount "75"]
[EventDate "2014.10.18"]
[EventType "swiss"]
[EventCountry "RUS"]

1. d4 Nf6 2. Nf3 g6 3. c4 Bg7 4. Nc3 O-O 5. Bg5 c5 6. e3 d6 7. Be2 Qa5 8. O-O
Bg4 9. Qd2 Nc6 10. d5 Bxf3 11. Bxf3 Ne5 12. Be2 Qb4 13. Qc2 h6 14. a3 Qa5 15.
Bh4 a6 16. a4 Rab8 17. h3 Qc7 18. f4 Ned7 19. e4 Rfe8 20. Kh1 Nh7 21. Bd3 Nhf8
22. Rae1 b6 23. Bg3 e5 24. dxe6 Nxe6 25. Nd5 Qc6 26. f5 Nd4 27. Qf2 g5 28. f6
Bf8 29. h4 Ne5 30. Qd2 Qd7 31. hxg5 Qg4 32. Re3 hxg5 33. Bh2 Qh5 34. Rh3 Qg6
35. Rf5 Bh6 36. Bxe5 dxe5 37. Rf1 Ne6 38. g3 1-0

[Event "M.Chigorin Memorial 2014"]
[Site "St. Petersburg"]
[Date "2014.10.20"]
[Round "3.134"]
[White "Kopasov, Evgeny"]
[Black "Nazaretyan, Tigran"]
[Result "1/2-1/2"]
[WhiteElo "1997"]
[BlackElo "2168"]
[PlyCount "96"]
[EventDate "2014.10.18"]
[EventType "swiss"]
[EventCountry "RUS"]

1. d4 Nf6 2. Nf3 c5 3. c3 b6 4. Bf4 e6 5. e3 Be7 6. Nbd2 Nh5 7. Bg3 O-O 8. Bd3
Ba6 9. Bxa6 Nxa6 10. Ne5 g6 11. a4 cxd4 12. exd4 f5 13. Qe2 Nc7 14. f3 Nd5 15.
Bf2 Nhf4 16. Qf1 a6 17. g3 Nh5 18. Qe2 Qc7 19. O-O Qb7 20. Nd3 Rfe8 21. Nc4
Rac8 22. Ne3 Ndf6 23. Ng2 Bf8 24. g4 Ng7 25. Bg3 d6 26. h3 g5 27. f4 Ne4 28.
Bh2 h6 29. Nf2 d5 30. Ne3 Bd6 31. Nd3 Rf8 32. fxg5 hxg5 33. Bxd6 Nxd6 34. Ne5
Ne4 35. Qh2 f4 36. Ng2 Rf6 37. Ne1 Rh6 38. Rf3 Ne8 39. Ng2 N8d6 40. h4 Qh7 41.
h5 Nd2 42. Rh3 N6e4 43. Ne1 Nc4 44. Nxc4 Rxc4 45. Nd3 Qe7 46. Ne5 Rc7 47. Rf3
Qe8 48. Qc2 Rhh7 1/2-1/2

[Event "M.Chigorin Memorial 2014"]
[Site "St. Petersburg"]
[Date "2014.10.20"]
[Round "3.135"]
[White "Potapova, Margarita"]
[Black "Khadzhiev, Valery"]
[Result "1-0"]
[WhiteElo "1917"]
[BlackElo "2134"]
[PlyCount "115"]
[EventDate "2014.10.18"]
[EventType "swiss"]
[EventCountry "RUS"]

1. d4 d5 2. c4 e6 3. Nc3 Nf6 4. cxd5 exd5 5. Bg5 c6 6. e3 Qb6 7. Qc2 Ne4 8. Bf4
Be6 9. Bd3 Nd6 10. b3 Nd7 11. Nge2 g6 12. O-O Be7 13. f3 Nf5 14. Na4 Qd8 15. e4
Ng7 16. Bh6 Nh5 17. Nac3 dxe4 18. fxe4 Bg5 19. Bxg5 Qxg5 20. Rf2 Ndf6 21. d5
Bd7 22. Qc1 Qxc1+ 23. Rxc1 cxd5 24. Nxd5 Nxd5 25. exd5 Rc8 26. Rxc8+ Bxc8 27.
Bb5+ Kf8 28. d6 Be6 29. Nd4 Kg7 30. Rc2 Kf6 31. d7 Rd8 32. Rc7 Bd5 33. Bc4 Be4
34. Nb5 Nf4 35. Nd6 Bc6 36. Nxb7 Bxb7 37. Rxb7 a5 38. a4 Ne6 39. Ra7 Kg7 40.
Rxa5 Rxd7 41. Re5 Kf6 42. Re1 Rd2 43. Ra1 Nf4 44. Bf1 Rd7 45. a5 Ra7 46. b4 Ke5
47. b5 Nd5 48. b6 Rb7 49. a6 Rxb6 50. a7 Nc7 51. Rc1 Na8 52. Rc8 Rb7 53. Rxa8
Kf4 54. g3+ Kg5 55. Kf2 h5 56. h4+ Kg4 57. Ba6 Rc7 58. Bc8+ 1-0

[Event "M.Chigorin Memorial 2014"]
[Site "St. Petersburg"]
[Date "2014.10.20"]
[Round "3.136"]
[White "Petukhov, Vasily N"]
[Black "Gantsevich, Aleksei"]
[Result "0-1"]
[WhiteElo "2113"]
[BlackElo "1955"]
[PlyCount "58"]
[EventDate "2014.10.18"]
[EventType "swiss"]
[EventCountry "RUS"]

1. d4 Nf6 2. c4 g6 3. Nc3 Bg7 4. e4 d6 5. Nf3 O-O 6. h3 Nbd7 7. Bg5 h6 8. Be3
e5 9. d5 Nh5 10. Qd2 Kh7 11. g3 a5 12. Be2 b6 13. Nh2 Nhf6 14. g4 Nc5 15. Qc2
Ng8 16. O-O-O f5 17. gxf5 gxf5 18. Bxc5 bxc5 19. exf5 Bxf5 20. Bd3 Qg5+ 21. Kb1
Bxd3 22. Qxd3+ Qf5 23. Ne4 Kh8 24. Ng4 Rab8 25. Rhe1 Rb4 26. Re2 Rfb8 27. f3
Ne7 28. a3 Rb3 29. Nc3 Rxc3 0-1

[Event "M.Chigorin Memorial 2014"]
[Site "St. Petersburg"]
[Date "2014.10.20"]
[Round "3.137"]
[White "Klevets, Ksenia"]
[Black "Belov, Nikita"]
[Result "1-0"]
[WhiteElo "1850"]
[BlackElo "2106"]
[PlyCount "55"]
[EventDate "2014.10.18"]
[EventType "swiss"]
[EventCountry "RUS"]

1. e4 e6 2. d4 d5 3. e5 c5 4. c3 Nc6 5. Nf3 Qb6 6. a3 Bd7 7. b4 cxb4 8. cxb4
Rc8 9. Be3 f6 10. exf6 Nxf6 11. Bd3 Qc7 12. O-O Bd6 13. Nbd2 O-O 14. Rc1 Qb8
15. Nb3 e5 16. b5 Bg4 17. bxc6 e4 18. h3 exd3 19. hxg4 Bxa3 20. cxb7 Rc4 21.
Rxc4 dxc4 22. Ne5 Bd6 23. Nxc4 Bh2+ 24. Kh1 h5 25. gxh5 Ne4 26. Qxd3 Qe8 27.
Kxh2 Rf5 28. Ne5 1-0

[Event "M.Chigorin Memorial 2014"]
[Site "St. Petersburg"]
[Date "2014.10.20"]
[Round "3.138"]
[White "Reshetnikov, Ruslan"]
[Black "Zakharov, Yuri"]
[Result "1-0"]
[WhiteElo "2106"]
[BlackElo "1830"]
[PlyCount "93"]
[EventDate "2014.10.18"]
[EventType "swiss"]
[EventCountry "RUS"]

1. d4 Nf6 2. Bg5 g6 3. Bxf6 exf6 4. g3 Bg7 5. Bg2 f5 6. e3 O-O 7. Ne2 d5 8. O-O
c6 9. Nd2 Nd7 10. c4 dxc4 11. Nxc4 Nb6 12. Nd2 Nd5 13. Nc3 Nxc3 14. bxc3 Qa5
15. Qc2 Be6 16. c4 Qc7 17. Rab1 Bd7 18. Nb3 b6 19. a4 Rab8 20. c5 b5 21. axb5
Rxb5 22. Nd2 Rfb8 23. Rxb5 Rxb5 24. Nc4 Qb8 25. Nd6 Rb3 26. Qc4 Be6 27. Qa6 Bf8
28. Qxc6 Bxd6 29. cxd6 Rb6 30. Qc7 Qe8 31. Rc1 Bd7 32. Bb7 Qe6 33. Qb8+ Kg7 34.
Qxa7 Qxd6 35. Bf3 Rb2 36. Qc5 Qf6 37. Qc7 Ba4 38. h4 Rb6 39. Bd5 Be8 40. Qc8
Rd6 41. Qxe8 Rxd5 42. Rc8 Kh6 43. Qf8+ Kh5 44. Rc7 Qb6 45. Qxf7 Qb1+ 46. Kh2
Rd6 47. Qe7 1-0

[Event "M.Chigorin Memorial 2014"]
[Site "St. Petersburg"]
[Date "2014.10.20"]
[Round "3.139"]
[White "Aseev, Vladimir"]
[Black "Morozov, Boris"]
[Result "1-0"]
[WhiteElo "2094"]
[BlackElo "1805"]
[PlyCount "83"]
[EventDate "2014.10.18"]
[EventType "swiss"]
[EventCountry "RUS"]

1. d4 Nf6 2. Nf3 g6 3. c4 Bg7 4. Nc3 O-O 5. Bf4 d6 6. e3 c6 7. h3 a5 8. Be2 Na6
9. O-O Nd7 10. Bg5 h6 11. Bh4 f5 12. Nd2 g5 13. Bg3 e5 14. Nb3 f4 15. Bh2 Qe7
16. Nxa5 Nc7 17. Nb3 e4 18. exf4 gxf4 19. Re1 d5 20. Qd2 Qh4 21. cxd5 cxd5 22.
Bg4 h5 23. Nxd5 Nf6 24. Nxf6+ Qxf6 25. Bxc8 Raxc8 26. Rxe4 f3 27. g4 Qh4 28.
Qe1 Qxh3 29. Qf1 Qh4 30. Bg3 Qg5 31. Qh3 Nd5 32. Qxh5 Qxh5 33. gxh5 Rc2 34. Rb1
Kh7 35. Nc5 Nf6 36. Rh4 Re8 37. h6 Bf8 38. Rf4 Nh5 39. Rf7+ Kxh6 40. Rxf3 Nxg3
41. Rxg3 Bxc5 42. Kg2 1-0

[Event "M.Chigorin Memorial 2014"]
[Site "St. Petersburg"]
[Date "2014.10.20"]
[Round "3.140"]
[White "Gyokbulut, Julia"]
[Black "Gantsevich, Aleksey A"]
[Result "1-0"]
[WhiteElo "2086"]
[BlackElo "1766"]
[PlyCount "93"]
[EventDate "2014.10.18"]
[EventType "swiss"]
[EventCountry "RUS"]

1. d4 Nf6 2. c4 g6 3. Nc3 Bg7 4. e4 d6 5. Be2 O-O 6. Bg5 Na6 7. Qd2 c5 8. d5
Nc7 9. h4 h5 10. f3 a6 11. Nh3 Bd7 12. Bh6 b5 13. Bxg7 Kxg7 14. Kf2 bxc4 15.
Bxc4 Nb5 16. Ne2 e6 17. g4 exd5 18. Bxb5 Bxb5 19. g5 Ng8 20. Qxd5 Bxe2 21. Kxe2
Ne7 22. Qc4 Nc6 23. Rad1 Nd4+ 24. Rxd4 cxd4 25. Qxd4+ Kg8 26. Rd1 Qa5 27. Rd3
Rac8 28. Rd2 Rfe8 29. Nf4 Qb5+ 30. Kf2 Rc1 31. Ne2 Rh1 32. Qxd6 Rc8 33. Kg2 Re1
34. Kf2 Rh1 35. Kg3 Qc4 36. b3 Qb5 37. Qd5 Qb8+ 38. f4 Qb6 39. Qd4 Qe6 40. f5
gxf5 41. Nf4 Qxe4 42. Qxe4 fxe4 43. Nxh5 Rc3+ 44. Kg4 e3 45. Rd8+ Kh7 46. Nf6+
Kg7 47. Rg8# 1-0